[Event "PHI-ch"]
[Site "Quezon City"]
[Date "1999.04.21"]
[Round "1"]
[White "Antonio, Rogelio Jr"]
[Black "Sanchez, Jo"]
[Result "1/2-1/2"]
[WhiteElo "2558"]
[BlackElo "2131"]
[PlyCount "130"]
[EventDate "1999.04.??"]
[EventType "tourn"]
[EventRounds "11"]
[EventCountry "PHI"]
[EventCategory "3"]
[SourceTitle "CBM 070 Extra"]
[Source "ChessBase"]
[SourceDate "1999.07.10"]
[SourceVersion "1"]
[SourceVersionDate "1999.07.10"]
[SourceQuality "1"]

1. e4 c5 2. c3 d5 3. exd5 Qxd5 4. d4 Nf6 5. Nf3 Bg4 6. Nbd2 cxd4 7. Bc4 Qd7 8. Qb3 e6 9. Ne5 Qc7 10. cxd4 Bd6 11. Bb5+ Nc6 12. Ndc4 0-0 13. Bxc6 bxc6 14. Bd2 Rfc8 15. Ba5 Qe7 16. Rc1 c5 17. Qa4 cxd4 18. Nc6 Qd7 19. Nxd6 Qxd6 20. 0-0 Nd5 21. Qxd4 Rxc6 22. Qxg4 Rac8 23. Rxc6 Rxc6 24. Qd4 h6 25. Bd2 Qc7 26. Qg4 Rc4 27. Qd1 Qc6 28. Qb3 Rc2 29. Rd1 a5 30. Bxa5 g5 31. Bd2 Rc4 32. Qd3 Rc2 33. Qd4 e5 34. Qd3 Rxb2 35. h4 Nf4 36. Bxf4 gxf4 37. Qf5 Qb6 38. Rf1 Qc5 39. a4 Kf8 40. Qh5 Qd6 41. Rd1 Qb6 42. Rf1 Qd6 43. Qf5 Kg7 44. Rc1 Qf6 45. Qg4+ Qg6 46. Qf3 Qd6 47. Qg4+ Qg6 48. Qxg6+ Kxg6 49. Ra1 Rb6 50. a5 Ra6 51. g3 Kf5 52. Kg2 e4 53. f3 fxg3 54. fxe4+ Kg4 55. h5 f5 56. exf5 Kxf5 57. Kxg3 Kg5 58. Kf3 Kxh5 59. Kf4 Kg6 60. Ra2 h5 61. Rg2+ Kf7 62. Rg5 h4 63. Rh5 Ke7 64. Ke4 h3 65. Kd4 h2 1/2-1/2